THE EVELYN WOOD SEVEN DAY SPEED READING AND LEARNING PROGRAM / (Record no. 615726)

000 -LEADER
fixed length control field 00389nam a22001337a 4500
020 ## - INTERNATIONAL STANDARD BOOK NUMBER
Qualifying information HB.
040 ## - CATALOGING SOURCE
Transcribing agency FIZZA ISHAQ
082 ## - DEWEY DECIMAL CLASSIFICATION NUMBER
Classification number 371.302
Author Mark STA
100 ## - MAIN ENTRY--PERSONAL NAME
Personal name STANLEY,D.FRANK.
9 (RLIN) 132625
245 ## - TITLE STATEMENT
Title THE EVELYN WOOD SEVEN DAY SPEED READING AND LEARNING PROGRAM /
Statement of responsibility, etc. STANLEY D. FRANK.
260 ## - PUBLICATION, DISTRIBUTION, ETC.
Place of publication, distribution, etc. NEW YORK;
Name of publisher, distributor, etc. BARNES & NOBLE BOOKS,
Date of publication, distribution, etc. 1990.
300 ## - PHYSICAL DESCRIPTION
Extent 212 P. ;
Other physical details 8.6X5.6IN
942 ## - ADDED ENTRY ELEMENTS (KOHA)
Source of classification or shelving scheme
Koha item type Book
Holdings
Withdrawn status Lost status Source of classification or shelving scheme Damaged status Not for loan Permanent Location Current Location Shelving location Date acquired Total Checkouts Full call number Barcode Date last seen Price effective from Koha item type
          NUST Baluchistan Campus (NBC) NUST Baluchistan Campus (NBC) General Stacks 12/30/2025   371.302 STA QD-940 12/30/2025 12/30/2025 Book
© 2023 Central Library, National University of Sciences and Technology. All Rights Reserved.